Portfolio choice under loss limitation - gender differences

Na minha lista:
Detalhes bibliográficos
Autor principal: Katuščák, Peter
Outros Autores: Péliová, Jana, 1976-
Formato: Capítulo de Livro
Idioma:inglês
Tags: Adicionar Tag
Sem tags, seja o primeiro a adicionar uma tag!

MARC

LEADER 00000nla a2200000 4500
001 0185331
005 20240502073157.6
041 0 |a eng 
044 |a SK 
245 1 0 |a Portfolio choice under loss limitation - gender differences  |c Peter Katuščák, Jana Péliová 
100 1 |a Katuščák, Peter 
700 1 |a Péliová, Jana, 1976-